| 000 | 00689nam a22002057a 4500 | ||
|---|---|---|---|
| 005 | 20250314131815.0 | ||
| 008 | 250314b |||||||| |||| 00| 0 eng d | ||
| 020 | _a9789575568054 | ||
| 040 | _aBSOP | ||
| 050 | _aBV3785 | ||
| 100 | _aGrubb, Norman | ||
| 245 |
_a劬勞的祭司 : 代禱使徒豪威爾 = Qu lao de ji si : _bdai dao shi tu hao wei er = Rees Howells intercessor {ch} / _cNorman Grubb. |
||
| 250 | _aer ban. | ||
| 260 |
_a新北市 : _b橄欖出版 : 華宣發行, _c2018 |
||
| 300 |
_a365p. ; _c21cm. |
||
| 440 |
_aGui zhong qi min cong shu _n27 |
||
| 600 | _aHowells, Rees -- 1879-1950 {ch}. | ||
| 650 | _aEvangelists -- Wales -- Biography {ch}. | ||
| 942 |
_2lcc _cBK |
||
| 999 |
_c53538 _d53538 |
||